Kinh tế xã hội Việt Nam năm 2000 : Mục tiêu, phương hướng và giải pháp chủ yếu /

Na minha lista:
Detalhes bibliográficos
Autor principal: Nguyễn Xuân Trinh
Outros Autores: Tô Xuân Dần, Trần Đình Côn
Formato: Sách giấy
Idioma:Vietnamese
Publicado em: Hà Nội : Tạp chí Kế hoạch hoá , 1990
Tags: Adicionar Tag
Sem tags, seja o primeiro a adicionar uma tag!
Thư viện lưu trữ: Thư viện Trường Đại học Đà Lạt
LEADER 00811nam a2200277 4500
001 DLU020012444
005 ##5/25/2000
020 # # |a 978- 
041 # # |a vie 
082 # # |a 338.544  |b Kin 
090 # # |a 338.544  |b Kin 
100 # # |a Nguyễn Xuân Trinh 
245 # # |a Kinh tế xã hội Việt Nam năm 2000 :  |b Mục tiêu, phương hướng và giải pháp chủ yếu /  |c Nguyễn Xuân Trinh, Trinh Nguyễn Xuân, Côn Trần Đình, ... Tô Xuân Dần 
260 # # |a Hà Nội :  |b Tạp chí Kế hoạch hoá ,  |c 1990 
300 # # |a 407 tr.;   |c 20 cm. 
700 # # |a Tô Xuân Dần 
700 # # |a Trần Đình Côn 
992 # # |a 13200 
994 # # |a DLU 
900 # # |a False 
911 # # |a Administrator 
925 # # |a G 
926 # # |a A 
927 # # |a SH 
980 # # |a Thư viện Trường Đại học Đà Lạt